Lutter contre les discriminations /

Gespeichert in:
Bibliographische Detailangaben
1. Verfasser: Borrillo, Daniel (Verfasst von)
Format: Buch
Sprache:Französisch
Veröffentlicht: Paris : La découverte, 2003
Schriftenreihe:Recherches
Tags: Tag hinzufügen
Keine Tags, Fügen Sie das erste Tag hinzu!

MARC

LEADER 00000nam a22000007i 4500
001 IT\ICCU\UBO\3242740
003 ItRI
005 20260115231839.0
008 070703s2003 fr |||||| ||||| |||||c
020 |a 2707140279 
040 |b ita  |c importazione bologna sebina 
041 7 |a fre  |2 ISO-639-2 
100 1 |a Borrillo, Daniel  |0 IT\ICCU\PUVV\191027  |4 aut 
245 1 0 |a Lutter contre les discriminations /  |c sous la direction de Daniel Borrillo. 
260 |a Paris :  |b La découverte,  |c 2003 
300 |a 201 p. ;  |c 22 cm. 
830 0 |a Recherches  |0 IT\ICCU\MIL\0257405 
942 |2 ddc  |c BK  |n 0 
952 |0 0  |1 0  |4 0  |6 DOC_302_400000000000000_BOR  |7 0  |9 14138  |a BO  |b BO  |d 2026-01-15  |i 11052  |l 0  |o DOC 302.4 BOR  |p BO11052  |r 2026-01-15 23:18:39  |w 2026-01-15  |x [Sebina 5] [1 v.]  |y BK  |z 1 v. 
999 |c 12195  |d 12195